|
|
|
|
| LEADER |
00000nab a2200000 a 4500 |
| 001 |
vtls000004914 |
| 003 |
SK-MaSNL |
| 005 |
20260305030724.0 |
| 008 |
111103c1978 xo 0 slo |
| 015 |
|
|
|a SNBRB19rr/mm-uuuuu
|
| 035 |
|
|
|a CL0015007
|
| 040 |
|
|
|a SNKBUCL
|b slo
|c SNKBUCL
|e AACR2
|
| 041 |
0 |
|
|a slo
|
| 044 |
|
|
|a xo
|c SK
|
| 080 |
|
|
|a 329.15(437.6)
|2 1981
|
| 080 |
|
|
|a 631
|2 1981
|
| 100 |
1 |
|
|a Tatič, V.
|4 aut
|9 1607864
|
| 245 |
1 |
0 |
|a O aktuálnych úlohách
|b Zasadala poľnohospodárska komisia Východoslovenského KV KSS
|c V. Tatič
|
| 610 |
2 |
7 |
|a Komunistická strana Slovenska
|2 snkbucl
|9 30182
|
| 651 |
|
7 |
|a 5403
|2 snkbucl
|9 893808
|
| 651 |
|
7 |
|a Východoslovenský kraj (Slovensko)
|2 snkbucl
|9 161537
|
| 655 |
|
7 |
|a články z novín a časopisov
|2 snkbucl
|9 267496
|
| 773 |
0 |
|
|t Východoslovenské noviny
|g Roč. 27, č. 194 (18. 8. 1978), s. 1
|
| 850 |
|
|
|a Slovenská národná knižnica v Martine
|a MTA001
|
| 852 |
|
|
|a SNK
|b KIS3GCP
|
| 958 |
|
|
|a RK
|
| 992 |
|
|
|a RBX
|
| 999 |
|
|
|c 3313039
|d 3314969
|